| 000 | 00588nam a2200241 a 4500 | ||
|---|---|---|---|
| 001 | nice12345678 | ||
| 003 | IN_TiNIC | ||
| 005 | 20260116011308.0 | ||
| 008 | 050524s1923 dela grp 000 0 urd | ||
| 020 |
_a _c0.75 |
||
| 082 | 0 | 0 |
_a891.4393 _bAZA4 |
| 100 | _aAzad, Mohd Hussain | ||
| 245 | _aNairang-E-Khiyal | ||
| 260 |
_aDelhi _bAzad Book Depot _c1923 |
||
| 300 | _a136p | ||
| 500 | _aincludes index and biblioraphy | ||
| 505 | 2 | _a4 Volume Bound in One Book | |
| 650 | _aUrdu-Literature | ||
| 700 | 1 | _aAzad, Mohd Hussain | |
| 902 | _bSRS | ||
| 942 | _cBK | ||
| 999 |
_c253 _d253 |
||